000 00681nam a2200217 i 4500
001 42884
003 ES-MaACL
005 20250712062545.0
007 t|
008 030314s1974 sp ||||1| spa d
020 _a84-206-1532-3
080 _a946"1936/39"(0:860-3)
100 1 _aCela, Camilo José,
_d1916-2002
_937336
245 1 0 _aVísperas, festividad y octava de San Camilo del año 1936 en Madrid /
_cCamilo José Cela.
260 _aMadrid :
_bAlianza Editorial,
_c[1974]
300 _a335 p. ;
_c18 cm.
651 4 _aEspaña-
_xHistoria-
_y1936-1939, Guerra civil-
_vNovelas.
_98310
740 0 2 _aSan Camilo 1936.
852 4 _aES-MaACL
_jE-7198
999 _c42884
_d42884